000 00437nam a2200181Ia 4500
001 15654
005 20260306170212.0
008 260306t2015||||xx |||||||||||||| ||und||
041 _aESP
082 _a571.629
_bM14
100 _aMadigan, Michael T.
_eAUT
245 0 _aBiología de los microorganismos
260 _c2015
300 _axxx, 1099 páginas :
_c27 cm.
650 _aGEN
654 _aCCS
942 _cLIB
_dJUS
_fJUS
_2ddc
_n
999 _c15654
_d15654